| 000 | 00929cam a22002531 4500 | ||
|---|---|---|---|
| 001 | l 33000117 | ||
| 003 | DLC | ||
| 005 | 20260227111534.0 | ||
| 008 | 820626s1933 xx a 000 0 eng | ||
| 010 | _al 33000117 | ||
| 035 | _a(OCoLC)14735342 | ||
| 040 |
_aDLC _cDNLM _dOCoLC _dDLC |
||
| 042 | _apremarc | ||
| 050 | 0 | 0 |
_aHV741 _b.A32 no. 220 |
| 060 | 0 |
_aW1 _bUN6181 no.220 1933 |
|
| 110 | 1 |
_aUnited States. _bChildren's Bureau. |
|
| 245 | 1 | 0 | _aMothers' aid, 1931 ... |
| 260 |
_aWashington, _bU.S. Govt. print. off., _c1933. |
||
| 300 |
_av, 39 p. _bill. |
||
| 490 | 1 |
_aBureau publication _vno. 220 |
|
| 500 | _aAt head of title: United States Department of labor. Frances Perkins, secretary. Children's bureau. Grace Abbott, chief. | ||
| 500 | _a"A similar survey was made by the Children's bureau in 1921 and 1922." - Letter of transmittal. | ||
| 810 | 1 |
_aUnited States. _bChildren's Bureau. _tPublication ; _vno. 220. |
|
| 999 |
_c36104 _d36104 |
||